01130 2200277 4500001002100000005001500021035002000036007000300056008004100059040001200100100013900112245007600251250002000327300003700347020002200384082001100406084001700417264004500434336002100479337003000500338002300530520026000553650001400813650001300827850001200840INLIS00000000069892220260105030129 a0010-0126000003ta260105 a 0 ind  aJIPUBAY aMoonbug EntertainmentePengarangeMoonbug EntertainmentePengarangeMoonbug EntertainmentePengarangeMoonbug EntertainmentePengarang1 aCocomelon belajar 123 :bbuku mewarnai edukasi /cMoonbug Entertainment aCetakan pertama a48 halaman :bilustrasi ;c25 cm a978-602-06-7606-7 a372.52 a372.52 MOO c aJakarta :bGramedia Pustaka Utama,c2024 2rdacontentateks 2rdamediaatanpa perantara 2rdacarrieravolume aAyo belajar angka! Buku mewarnai edukasi ini membantu mengenalkan konsep angka pada anak. -Berhitung -Mengenal angka -Mewarnai -Menelusuri angka Ditemani karakter-karakter Cocomelon, buku ini akan membuat si kecil sibuk! Ayo belajar dan bermain bersama! 4aBuku anak 4aMewarnai aJIPUBAY